00000000nam##2200000za#4500
0019.689494
003CaOODSP
00520210624231924
007cr |||||||||||
008150407|2006||||xxc|||||o    f|0| 0 eng|d
020 |a978-0-662-45457-1
040 |aCaOODSP|beng
043 |an-cn---
0861 |aM144-142/2-2006E-PDF
1101 |aCanada.|bNatural Resources Canada. |bOffice of Energy Efficiency.
24510|aCase study - Cavendish Farms : |h[electronic resource]|bthorough approach to energy efficiency brings big savings to Prince Edward Island
260 |aOttawa - Ontario : |bNatural Resources Canada. |cc2008.
300 |a4p.|btable, photographs
500 |aAt head of title: ecoENERGY, an ecoACTION initiative.
590 |a13-05-Supp|b2013-02-27
69007|aEnergy efficiency|2gcpds
77508|tÉtude de cas - les fermes Cavendish : |w(CaOODSP)9.633897
85640|ahttp://publications.gc.ca|qPDF|s3.49 MB|uhttps://publications.gc.ca/collections/collection_2013/rncan-nrcan/M144-142-2-2006-eng.pdf